Musique des années 80 100 questions progressives - Statistiques

Statistiques générales
  • Ce quiz a été pris 1 659 fois
  • Le résultat moyen est 17 sur 100
Statistiques - réponses
% Question Réponse % Correct
1 Qui connait son 1er succès avec Le Banana split en 1980 ? Lio
99%
2 Quel Beatle est assassiné à New York en 1980 ? (prénom et nom) John Lennon
89%
3 En 1983, Rose Laurens nous fait découvrir son monde dans Africa
63%
4 Cette année-là se déroule la 1ère fête de la musique 1982
60%
5 Que prédit Gilbert Montagné en 1984 ? On va s'aimer
41%
10 Comment est le capitaine de Gold en 1986 ? Abandonné
38%
9 En 1981, JJ Goldman chante "Il suffira..." d'un signe
38%
8 Qui doit se lever selon Julie Piétri en 1986 ? Eve
38%
6 Les Rita Mitsouko rendent hommage en 1985 à une danseuse disparue dans Marcia baila
38%
7 Quel métier exerce le Joe de Vanessa Paradis en 1987 ? Taxi | Chauffeur de taxi
38%
12 Chantal Goya chante sa cousine en 1980, elle se nomme Bécassine
36%
11 A qui Guesch Patti consacre-t-elle une chanson en 1987 ? Etienne
36%
13 Elle a le regard qui tue dans la chanson de Marc Lavoine de 1985 et donc les yeux... revolver
36%
15 Laroche Valmont fait un succès en 1984 avec "T'as... le look Coco
29%
14 Johnny Hallyday rend hommage à un écrivain américain en 1986 dans Quelque chose de Tennessee
29%
16 Dans l'esprit du temps, qui chante en 1981 "Si j'étais un homme" (Prénom et nom) Diane Tell
28%
17 En 1982, Michael Jackson sort l'album... Thriller
28%
39 Le 23 novembre de cette année-là se déroule la 1ère cérémonie des Victoires de la musique 1985
24%
18 En 1981, toute la France se secoue sur la Danse des canards
21%
19 Alain Bashung chante en 1980 Gaby oh Gaby
19%
26 Qui rend triste Roch Voisine en 1988 ? Hélène
19%
25 En 1983, Michael Jackson chante Billie... Jean
19%
32 Qui fait scandale avec Like a prayer en 1989 ? Madonna
19%
24 En 1981, qui a le Vertige de l'amour ? (Prénom et nom) Alain Bashung
18%
28 Que fait Sabine Paturel en 1986 quand son ami la quitte ? Bêtises
18%
27 En 1982, Chagrin d'amour chante Chacun fait
18%
21 Qui a écrit "Pour toi Arménie", 1ère chanson à entrer directement N°1 du Top 50 en 1989 ? (prénom et nom) Charles Aznavour
18%
33 Qui se souvient de ses ascendances italiennes en 1983 dans Le Rital ? (Prénom et nom) Claude Barzotti
18%
30 Qui fait danser la France sur la Lambada en 1989 ? Kaoma
18%
23 En 1984, Madonna cartonne et fait scandale avec Like a Virgin
18%
29 Quel nom de boîte de nuit choisit Jean-Pierre Mader pour sa chanson en 1985 ? Macumba
18%
40 Dans la perspective des présidentielles de 1981, Gérard Lénorman propose dans "Si j'étais président" un premier ministre original qui ? Mickey
18%
22 En 1984, Téléphone imagine... Un autre monde
18%
20 Qu'a fait toute seule l'héroïne de cette chanson de Goldman de 1987 ? Bébé
17%
34 Qui chante "Nuit de folie" en 1987 ? Début de soirée
17%
31 Inspiré par le film Kramer contre Kramer, Daniel Balavoine chante en 1981 Mon fils, ma bataille
17%
35 Cet album de Claude Nougaro est disque de platine en 1987 Nougayork
17%
37 Kim Carnes rend hommage à une actrice dans un tube de 1981, laquelle ? (Prénom et nom) Bette Davis
16%
51 Le 14 janvier 1986 meurt (prénom et nom), jeune chanteur français Daniel Balavoine
16%
38 En 1982, Imagination sort le tube Just an illusion
16%
42 Qui veut aller danser selon Julien Clerc en 1983 ? Lili
16%
45 En 1980, Ottawan chante "T'es... OK
16%
41 En pleine guerre froide, Sting chante en 1986 Russians
16%
43 En 1981, le Grand orchestre du Splendid fait danser sur la Salsa du démon
16%
36 Quel groupe chante en 1980 Boys don't cry The Cure
16%
44 Ce chanteur franco-américain, star des décennies précédentes, meurt le 20 août 1980 (Prénom et nom) Joe Dassin
15%
47 Après les Gens du Nord, Pierre Bachelet rend hommage en 1982 aux Chtis dans Les Corons
15%
46 En 1984, Patrick Bruel connait le succès en se plaignant dans Marre de cette nana-là
15%
48 Jean-Jacques Goldman chante en 1983 "Elle avait les yeux clairs et la robe en velours" dans Comme toi
14%
49 En 1980, Sophie et Magaly chantent un papa animal... Lequel Pingouin
14%
50 En 1980, Johnny Hallyday chante "Ma..." gueule
13%
52 ABBA connait en 1980 un grand succès avec Gimme ! Gimme ! Gimme !
12%
54 En 1981, Annie Cordie chante un personnage au grand chapeau lequel ? Tata Yoyo
12%
55 En 1985, Bibie chante "Tout..." doucement
11%
53 Chanson probablement désapprouvée par M. Evin, Sylvie Vartan chante en 1981 L'amour c'est comme une cigarette
11%
56 En 1981, Julien Lepers écrit la musique de ce tube d'Herbert Léonard Pour le plaisir
11%
57 Qui chante Still loving you en 1984 ? Scorpions
11%
58 Stevie Wonder a un message important en 1985 dans I just called to say I love you
10%
96 Quelle chanson commence en 1989 par "Si, ce soir, j'ai pas envie d'rentrer tout seul" ? Casser la voix
9%
67 Le 3 mai 1987, elle met fin à ses jours... Dalida
9%
59 Michel Berger, en 1980, semble plaindre la Groupie du pianiste
9%
60 Sur quoi tape Philippe Lavil dans le titre d'une chanson de 1982 ? Bambous
8%
74 Qui joue à Pile ou face en 1987 ? (prénom et nom) Corynne Charby
8%
63 Michel Sardou fait un voyage en absurdie en 1981 dans Etre une femme
8%
79 En 1986, qui se voir en "rouge et noir" Jeanne Mas
8%
64 A qui France Gall rend-t-elle hommage avec "Il jouait du piano debout" en 1980 ? (Prénom et nom) Jerry Lee Lewis
8%
62 La musique d'Ennio Morricone pour ce film est une des meilleures ventes d'albums en 1981 Le Professionnel
8%
61 En 1986, Renaud crée la polémique avec sa chanson Miss Maggie
8%
73 En 1985, un des albums les plus vendus porte le nom d'un bonbon et est signé Renaud, c'est Mistral gagnant
8%
66 Où Etienne Daho veut-il passer le week-end en 1984? Rome
8%
80 Qui chante Boys en 1988 ? Sabrina
8%
68 En 1981, Mireille Mathieu est Une femme amoureuse
8%
72 Que chante la Mademoiselle de Patricia Kaas en 1988 blues
7%
82 Le 11 mai 1981, il meurt à Miami (Prénom et nom) Bob Marley
7%
75 En 1981, Céline Dion connait son premier succès avec Ce n'était qu'un rêve
7%
76 En 1985, Pierre Bachelet imagine l'avenir dans En l'an 2001
7%
65 Qui chante en 1988 Bamboléo ? Gipsy Kings
7%
83 Serge et Charlotte Gainsbourg chantent ensemble en 1985 Lemon incest
7%
71 Qui chante La Bamba en 1987 ? Los Lobos
7%
70 D'où vient la Stéphanie qui chante "Ouragan" en 1986 Monaco
7%
84 Frankie goes to Hollywood chante son 1er succès en 1983. Le titre ? Relax
7%
98 Qui inaugure le Zénith de Paris en janvier 1984 ? Renaud
7%
81 En 1982, Richard Gotainer imagine une nouvelle danse... Le sampa
7%
85 En 1985, A-ha connait le succès avec Take on me
7%
69 Barbra Streisand chante l'amour en 1980 dans Woman in love
7%
88 Qui chante Do you really want to hurt me en 1982 ? Culture Club
6%
100 Quelle reprise font Simon et les Modanais en 1988 ? Etoile des neiges
6%
89 Celui qui chantait l'Auvergnat meurt en 1981. Qui est-il ? Georges Brassens
6%
99 Qui chante "Et je danse" en 1989 Lova Moor
6%
78 Qui réalise le clip de "Pull marine" pour Isabelle Adjani en 1984 ? (Prénom et nom) Luc Besson
6%
92 En 1980, le Grand orchestre du splendid chante Macao
6%
86 Vanessa Paradis chante les amours de deux célébrités en 1988 dans Marilyn et John
6%
91 En 1985, qui fait entendre sa voix dans Smooth operator ? Sade
6%
90 Quel album de Francis Cabrel est disque de diamant en 1989 ? Sarbacane
6%
97 Cette chanteuse britannique est assassinée le 7 décembre 1989 Sirima
6%
87 Qui chante "Du rhum, des femmes" en 1989 ? Soldat Louis
6%
77 Né en 1907, ce chanteur et acteur disparait en 1983 (Prénom et nom) Tino Rossi
6%
94 Ce chanteur québécois populaire meurt en 1988 (prénom et nom) Félix Leclerc
5%
95 Qui chante "Yaka dansé" en 1988 Raft
5%
93 Quelle chanson commence en 1989 par "Du pont des supplices, tombent les actrices" ? Valses de Vienne
5%
Aucun quiz correspondant
Distribution des résultats
% des personnes avec chaque résultat
Percentile par nombre de réponses
Votre historique - résultats
Vous n’avez pas pris ce quiz